La imaginación dialéctica : una historia de la Escuela de Frankfurt y el Instituto de Investigación Social, 1923-1950 /

Reconstrucción histórica que de cuenta de la vida del instituto de investigación social de Frankfurt, en cuyo seno se desarrolló el pensamiento de la famosa escuela de Frankfurt. La obra da cuenta de la construcción de ese pensamiento y del enfoque que les dio coherencia como Escuela.

Guardat en:
Dades bibliogràfiques
Autor principal: Jay, Martin (autor)
Format: Llibre
Idioma:espanyol
Publicat: Buenos Aires, Argentina : Taurus, 1991, c1991
Col·lecció:(Taurus. Humanidades) [s.n.]
(Ensayistas) [s.n.]
Matèries:
Etiquetes: Afegir etiqueta
Sense etiquetes, Sigues el primer a etiquetar aquest registre!

MARC

LEADER 00000nam^a2200000^a^4500
001 000182674
005 20250521000000.0
009 20260310102014.195
020 |a 950-511-119-3 
037 |a Acervo ITESO - Biblioteca 
041 |a ESP 
082 |a 146. 32  |b JAY 
100 |a Jay, Martin  |e (autor) 
245 1 3 |a La imaginación dialéctica :  |b una historia de la Escuela de Frankfurt y el Instituto de Investigación Social, 1923-1950 /  |c M. Jay ; pról. de Max Horkheimer ; tr. por Juan Carlos Curutchet. 
264 4 |a Buenos Aires, Argentina :  |b Taurus,  |c 1991, c1991 
300 |a 509 p. 
336 |a texto  |b txt  |2 rdacontenido 
337 |a sin mediación  |b n  |2 rdamedio 
338 |a volumen  |b nc  |2 rdasoporte 
440 1 |a (Taurus.  |p Humanidades) [s.n.] 
440 1 |a (Ensayistas) [s.n.] 
500 |a Traducción de: The Dialectical Imagination 
500 |a Traducción de: The Dialectical Imagination 
520 |a Reconstrucción histórica que de cuenta de la vida del instituto de investigación social de Frankfurt, en cuyo seno se desarrolló el pensamiento de la famosa escuela de Frankfurt. La obra da cuenta de la construcción de ese pensamiento y del enfoque que les dio coherencia como Escuela. 
649 |a XX 
650 |a Escuela de Frankfurt -  |x Historia y Crítica 
650 |a Teoría Crítica 
650 |a Marxismo 
650 |a Economía Política 
650 |a Nazismo -  |x Historia y Crítica 
650 |a Fascismo -  |x Historia 
650 |a Filosofía Política -  |z Alemania -  |x Historia 
650 |a Estética 
650 |a Cultura de Masas 
650 |a Historia -  |x Filosofía 
650 |a Cultura -  |z Alemania -  |x Filosofía 
650 |a Psicoanálisis y Marxismo 
650 |a Filosofía Alemana 
650 |a Filosofía Alemana -  |x Historia y Crítica 
650 |a Filosofía del Siglo XX 
910 |a Fondo General 
920 |a Impresos - Libros 
930 |a Colección General 
905 |a 101 
901 |a 0500122598  |b IT1  |c ACC  |u 20250521 
902 |a https://opac.biblio.iteso.mx/vufind/Record/000182674